| Tag |
First Indicator |
Second Indicator |
Subfields |
| LEADER |
00000cam a2200000 a 4500 |
| 001 |
in00002674635 |
| 005 |
20151202112954.0 |
| 008 |
100713s2010 scuab b 001 0 eng |
| 010 |
|
|
|a 2010029502
|
| 020 |
|
|
|a 9781609490232
|
| 020 |
|
|
|a 1609490231
|
| 035 |
|
|
|a (OCoLC)ocn648480918
|
| 040 |
|
|
|a DLC
|c DLC
|d UtOrBLW
|
| 043 |
|
|
|a n-us-mo
|
| 049 |
|
|
|a TXAM
|
| 050 |
0 |
0 |
|a E477.16
|b .B88 2010
|
| 082 |
0 |
0 |
|a 973.7/37
|2 22
|
| 100 |
1 |
|
|a Busch, Walter E.
|
| 245 |
1 |
0 |
|a Fort Davidson and the Battle of Pilot Knob :
|b Missouri's Alamo /
|c Walter E. Busch.
|
| 264 |
|
1 |
|a Charleston, S.C. :
|b History Press,
|c 2010.
|
| 300 |
|
|
|a 189 pages :
|b illustrations, map ;
|c 23 cm.
|
| 336 |
|
|
|a text
|b txt
|2 rdacontent
|
| 337 |
|
|
|a unmediated
|b n
|2 rdamedia
|
| 338 |
|
|
|a volume
|b nc
|2 rdacarrier
|
| 490 |
1 |
|
|a The History Press Civil War sesquicentennial series
|
| 504 |
|
|
|a Includes bibliographical references and index.
|
| 505 |
0 |
|
|a The Union Army comes to the valley -- Then came the tug of war -- The death of Fort Davidson -- Reconstructed-- from the ashes -- Tenting on the old campground -- Where the cannons used to roar -- Retelling the battle : the Iron County register, 1882 -- Pilot Knob Memorial Association anniversary booklets -- Meeting of the Pilot Knob Memorial Association (1904) -- Second Annual Meeting of the Pilot Knob Memorial Association (1905) -- Third Annual Meeting of the Pilot Knob Memorial Association (1906) -- Appendix 1: Troops known to have been in the Arcadia Valley during the Civil War -- Appendix 2: Text for some of the figures -- Appendix 3: H.R. 4923 : a bill to create Pilot Knob National Battlefield.
|
| 650 |
|
0 |
|a Pilot Knob, Battle of, Pilot Knob, Mo., 1864.
|
| 651 |
|
0 |
|a Fort Davidson (Mo.)
|x History.
|
| 651 |
|
0 |
|a Fort Davidson State Historic Site (Pilot Knob, Mo.)
|x History.
|
| 610 |
2 |
0 |
|a Pilot Knob Memorial Association (Pilot Knob, Mo.)
|x History.
|
| 650 |
|
0 |
|a Fortification
|x Conservation and restoration
|z Missouri
|v Case studies.
|
| 650 |
|
0 |
|a Historic preservation
|z Missouri
|v Case studies.
|
| 830 |
|
0 |
|a History Press Civil War sesquicentennial series.
|
| 945 |
|
|
|a PromptCat
|
| 946 |
|
|
|a stk
|
| 947 |
|
|
|a A14839785600
|
| 948 |
|
|
|a cataloged
|b h
|c 2010/12/13
|d c
|e dmitchel
|f 4:00:00 pm
|
| 994 |
|
|
|a 92
|b TXA
|
| 999 |
|
|
|a MARS
|
| 999 |
f |
f |
|s 8681ba58-e4f0-3175-9c81-b0ee6459fd48
|i 385198bd-3064-3e7b-a6e4-9e991fade2ac
|t 0
|
| 952 |
f |
f |
|p ric
|a Texas A&M University
|b Rellis Campus
|c Joint Library Facility
|d Remote Storage
|t 0
|e E477.16 .B88 2010
|h Library of Congress classification
|i unmediated -- volume
|m A14839785600
|
| 998 |
f |
f |
|a E477.16 .B88 2010
|t 0
|l Remote Storage
|